000 00566nam a2200241Ia 4500
005 20250425162123.0
008 250425s9999 xx 000 0 und d
020 _a9684444230
041 _aspa
082 _a659.1
100 _aRUSSELL, J.THOMAS
245 0 _aKLEPPNER PUBLICIDAD
250 _a14 ED.
260 _aMEXICO
260 _aMéxico
_bPEARSON EDUCACION
_c2001
300 _a716
650 _aPLANEACION
650 _aPROPAGANDA
650 _aPUBLICIDAD
700 _aPILAR MASCARO SACRISTAN
_etraductor
942 _c01
010 _a51205
999 _c222746
_d222746